• 首页
  • 本馆介绍
  • 公告通知
  • 最新文献
  • 馆藏检索
  • 电子资源
  • 读者导购
  • 参考咨询
  • 我的图书馆
  • 登录
  • 详细信息显示
  • 放入我的书架
  • 预约/预借图书
  • 作者相关作品
  • 分类相关作品
  • 丛书相关作品
  • 出版社相关作品

书目信息

  • 表格格式
  • 工作单格式
  • 卡片格式
题名:
邮票再现中国历史上的今天
    
 
作者: 胡志立 编著
分册:  
出版信息: 北京   中共党史出版社  2008
页数: 12,369页
开本: 26cm
丛书名:
单 册:
中图分类: G894.1 , K250.9
科图分类:
主题词: 邮票--简介--中国 , 邮票
电子资源:
ISBN: 978-7-5098-0013-3
000 00935nam0 2200277 45
001 1050677734
005 20100416093044.56
010    @a978-7-5098-0013-3@dCNY68.00
100    @a20100408d2008 ekmy0chiy0120 ea
101 0  @achi
102    @aCN@b110000
105    @aa z 000yy
106    @ar
200 1  @a邮票再现中国历史上的今天@AYou Piao Zai Xian Zhong Guo Li Shi Shang De Jin Tian@f胡志立编著@FHu Zhi Li Bian Zhu
210    @a北京@c中共党史出版社@d2008
215    @a12,369页@c图@d26cm
330    @a本书本着一天一事的原则,选取366组(枚)邮票及当天发生的历史事件,图文并茂,生动叙述了在中国共产党的领导下,中国历史上的“今天”发生的故事。
606 0  @a邮票@x简介@y中国
606 0  @a邮票
607    @a中国@z近代史@j通俗读物
607    @a中国@z现代史@j通俗读物
690    @aG894.1@v4
690    @aK250.9@v4
701  0 @a胡志立@AHu Zhi Li@4编著
801  0 @aCN@bTANGWEI@c20100416
905    @b0589402-06@dG894.1@e284@f5
    
    邮票再现中国历史上的今天/胡志立编著.-北京:中共党史出版社,2008
    12,369页:图;26cm
    
    
    ISBN 978-7-5098-0013-3:CNY68.00
    本书本着一天一事的原则,选取366组(枚)邮票及当天发生的历史事件,图文并茂,生动叙述了在中国共产党的领导下,中国历史上的“今天”发生的故事。
●
相关链接 在E读中查询图书 在五车中查询图书 在当当中查询图书 在豆瓣中查询图书


正题名:邮票再现中国历史上的今天     索取号:G894.1/284         预约/预借

序号 登录号 条形码 馆藏地/架位号 状态 备注
1 0589402   205894022   第一样本阅览室/ [索取号:G894.1/284] 在馆    
2 0589403   205894031   第四借阅区/ [索取号:G894.1/284] 在馆    
3 0589404   205894040   第四借阅区/ [索取号:G894.1/284] 在馆    
4 0589405   205894059   第四借阅区/ [索取号:G894.1/284] 在馆    
5 0589406   205894068   第四借阅区/ [索取号:G894.1/284] 在馆    
唐山师范学院图书馆 欢迎您!
大连网信软件有限公司© 版权所有